00695nam a2200193Ia 4500003000900000008004100009020001800050040001600068080001500084100002400099245012900123260003800252300001500290650001600305650002300321942000700344999001700351952013300368IN-BaIIA211028s9999 xx 000 0 eng d a0-471-14302-2 cIIA Library a535.5bBRO aBrosseau, C.925438 0aFundamentals of polarized lightba statistical optics approachcC. Brosseau  aNew YorkbJohn Wiley & Sonsc1998 axiv, 405p. aLight92428 aPolarization95652 cBK c15575d15575 00104070aBANbHOScGENd2004-01-03eABP g5531.50l0o535.5/ BROp16497r2021-11-05v5531.50w2004-01-03yBKGRs. 5531.50